Movies Quiz

Random Movies Quiz

The Incredibles' Super Powers? Quiz Stats

 Plays Quiz not verified by Sporcle

Also try: Grease Actors
Challenge
Share
Tweet
Embed
Score 0/9 Timer 03:00
0 Plays Today
Super Power Super Hero/Villian % Correct
Tremendous StrengthBob Parr
95.4%
SpeedDashiell Parr
94%
InvisibilityViolet Parr
92.9%
Stretch Any Part of BodyHelen Parr
89.6%
Freeze Water or MoistureFrozone
88.5%
No Powers/Eccentric Fashion GeniusEdna Mode
86.9%
No Powers/Evil GeniusSyndrome
85.6%
ShapeshiftingJack-Jack Parr
76.5%
Generate Energy BlastsGazerbeam
32.3%

You're not logged in!

Compare scores with friends on all Sporcle quizzes.
Join for Free
OR
Log In

You Might Also Like...

Show Comments

Extras

Top Quizzes Today


Score Distribution

Your Account Isn't Verified!

In order to create a playlist on Sporcle, you need to verify the email address you used during registration. Go to your Sporcle Settings to finish the process.

Report this User

Report this user for behavior that violates our Community Guidelines.

Details: